00589nmm a2200145Ia 4500008004100000020001800041041000800059100002300067245014800090264006400238300001800302490003000320650004300350856005000393251105s9999||||xx |||||||||||||||||und|| a9781882528523 aeng aWilliams, Jerry M. 0aPeru's Inquisition on Trial: The Vindication of Ana de Castro :b La Inquisición peruana en tela de juicio: la vindicación de Ana de Castro a[Washington, Estados Unidos] :bScripta Humanistica, c2008 a160 páginas aLatin American Literature aHistory of the Americas: Latin America uhttps://public.digitaliapublishing.com/a/9916